Hawaiian History A-Z - Statistics

General Stats
  • This quiz has been taken 24 times
  • The average score is 14 of 26
Answer Stats
Hint Answer % Correct
First foreign-explorer to reach Hawaii: Captain ___ Cook
95%
Iconic dance associated with Hawaii Hula
89%
They bombed Pearl Harbor in WW2 Japan
89%
Island that hosts the capital of Hawaii O'ahu
89%
Final monarch of Hawaii: ____ Liliʻuokalani Queen
79%
"W" is pronounced as this letter in Hawaiian V
79%
Hawaii was _______ by Polynesians around 1000 CE Discovered
68%
Goddess of fire and volcanoes Pele
68%
Traditional meal featuring music, and the answer to H Lūʻau
63%
Founder of the Kingdom of Hawaii: _______ the Great Kamehameha
58%
Sacred volcanic mountain on the Big Island Mauna Kea
58%
Famed beach in O Waikiki
58%
Kalikimaka is the Hawaiian name for this holiday adopted after annexation X-mas
53%
Palace of the Hawaiian monarchs 'Iolani
47%
Type of government Hawaii was briefly from 1894-1898 Republic
47%
Staple crop that was Hawaii's most important before pineapples Taro
47%
Popular fish for seafood in Hawaii, known natively as ahi: ________ Tuna Yellowfin
47%
Off-limits Hawaiian island with limited technology - considered the most "traditional" Ni'ihau
42%
Hawaii was ______ in 1810 by K Unified
42%
Well-known attraction also in O: Honolulu ___ Zoo
42%
The first industry in Hawaii and its largest for centuries Fishing
32%
Name for a local chief Ali'i
26%
The "Hawaiian Smithsonian," ___ Museum Bishop
26%
Northern volcanic branch that formed the oldest Hawaiian islands (Hint: Term for a powerful monarch) Emperor
26%
Type of plant used to make bowls and boxes by Hawaiians Gourd
11%
Form of early agriculture Subsistence
5%
No matching quizzes found
Score Distribution
Percent of People with Each Score
Percentile by Number Answered
Your Score History
You have not taken this quiz